[Event "12e Open de Quenza"]
[Site "Quenza"]
[Date "2023.07.23"]
[Round "5.7"]
[White "Junger, Quentin"]
[Black "Skripchenko, Almira"]
[Result "0-1"]
[BlackElo "2380"]
[WhiteElo "1787"]
[LiveChessVersion "1.4.6"]

1. d4 {[%clk 0:05:03]} d5 {[%clk 0:05:03]} 2. c4 {[%clk 0:05:03]} dxc4
{[%clk 0:05:03]} 3. a4 {[%clk 0:05:03]} Nc6 {[%clk 0:04:57]} 4. e3
{[%clk 0:05:03]} e5 {[%clk 0:04:54]} 5. d5 {[%clk 0:04:46]} Na5 {[%clk 0:04:54]}
6. Nf3 {[%clk 0:04:44]} e4 {[%clk 0:04:30]} 7. Ne5 {[%clk 0:04:24]} Nb3
{[%clk 0:04:05]} 8. Ra2 {[%clk 0:03:46]} Nxc1 {[%clk 0:04:05]} 9. Qxc1
{[%clk 0:03:46]} Qxd5 {[%clk 0:04:05]} 10. Nxc4 {[%clk 0:03:40]} Nf6
{[%clk 0:04:03]} 11. Nc3 {[%clk 0:03:33]} Qg5 {[%clk 0:04:03]} 12. Nb5
{[%clk 0:03:24]} Bb4+ {[%clk 0:03:58]} 13. Nd2 {[%clk 0:03:13]} O-O
{[%clk 0:03:49]} 14. b3 {[%clk 0:02:36]} c6 {[%clk 0:03:42]} 15. Nd4
{[%clk 0:02:36]} Rd8 {[%clk 0:03:38]} 16. h4 {[%clk 0:02:14]} Qe5
{[%clk 0:03:34]} 17. Bc4 {[%clk 0:02:08]} c5 {[%clk 0:03:16]} 18. Kf1
{[%clk 0:02:07]} cxd4 {[%clk 0:03:12]} 19. exd4 {[%clk 0:01:49]} Qxd4
{[%clk 0:03:11]} 20. Nb1 {[%clk 0:01:25]} Qd1+ {[%clk 0:03:11]} 0-1

[Event "12e Open de Quenza"]
[Site "Quenza"]
[Date "2023.07.23"]
[Round "5.8"]
[White "Tomasi, Albert"]
[Black "Tomasi, Elise"]
[Result "1-0"]
[BlackElo "2030"]
[WhiteElo "2291"]
[LiveChessVersion "1.4.6"]

1. e4 {[%clk 0:05:03]} c5 {[%clk 0:04:57]} 2. Nf3 {[%clk 0:05:03]} Nc6
{[%clk 0:04:57]} 3. d4 {[%clk 0:05:03]} cxd4 {[%clk 0:04:57]} 4. Nxd4
{[%clk 0:05:03]} d6 {[%clk 0:04:57]} 5. c4 {[%clk 0:05:03]} e5 {[%clk 0:04:57]}
6. Nc2 {[%clk 0:05:03]} Be6 {[%clk 0:04:57]} 7. b3 {[%clk 0:05:03]} a6
{[%clk 0:04:57]} 8. Nc3 {[%clk 0:05:03]} Nf6 {[%clk 0:04:48]} 9. Be2
{[%clk 0:05:02]} Be7 {[%clk 0:04:38]} 10. O-O {[%clk 0:05:01]} O-O
{[%clk 0:04:23]} 11. Bb2 {[%clk 0:04:43]} Nd7 {[%clk 0:03:43]} 12. Bf3
{[%clk 0:04:25]} Nc5 {[%clk 0:03:22]} 13. a3 {[%clk 0:04:25]} f5 {[%clk 0:03:22]}
14. exf5 {[%clk 0:04:18]} Bxf5 {[%clk 0:03:22]} 15. Ne3 {[%clk 0:04:01]} Be6
{[%clk 0:03:18]} 16. Bd5 {[%clk 0:03:57]} Bxd5 {[%clk 0:02:08]} 17. Ncxd5
{[%clk 0:03:57]} Kh8 {[%clk 0:01:51]} 18. Nc2 {[%clk 0:02:45]} Ne6
{[%clk 0:01:21]} 19. Qe2 {[%clk 0:02:45]} Nc5 {[%clk 0:01:21]} 20. Qd2
{[%clk 0:02:45]} Ne6 {[%clk 0:01:21]} 21. Qd1 {[%clk 0:02:45]} Nf4
{[%clk 0:01:21]} 22. Nxf4 {[%clk 0:02:45]} Rxf4 {[%clk 0:01:21]} 23. Ne3
{[%clk 0:01:51]} Qf8 {[%clk 0:01:13]} 24. Nd5 {[%clk 0:01:50]} Rh4
{[%clk 0:00:53]} 25. g3 {[%clk 0:01:34]} Rh6 {[%clk 0:00:53]} 26. f4
{[%clk 0:01:34]} Qf5 {[%clk 0:00:32]} 27. fxe5 {[%clk 0:01:24]} Qh3
{[%clk 0:00:32]} 28. Qe2 {[%clk 0:00:59]} dxe5 {[%clk 0:00:23]} 29. Nxe7
{[%clk 0:00:59]} Nxe7 {[%clk 0:00:23]} 30. Rf2 {[%clk 0:00:58]} Nc6
{[%clk 0:00:18]} 31. Raf1 {[%clk 0:00:58]} Kg8 {[%clk 0:00:13]} 32. Qe4
{[%clk 0:00:52]} Re6 {[%clk 0:00:09]} 33. b4 {[%clk 0:00:47]} Rae8
{[%clk 0:00:09]} 34. b5 {[%clk 0:00:47]} axb5 {[%clk 0:00:09]} 35. cxb5
{[%clk 0:00:47]} Ne7 {[%clk 0:00:09]} 36. Qxb7 {[%clk 0:00:47]} Qh6
{[%clk 0:00:09]} 37. Qd7 {[%clk 0:00:33]} Ng6 {[%clk 0:00:05]} 38. Qf7+
{[%clk 0:00:30]} Kh8 {[%clk 0:00:05]} 39. Qf8+ {[%clk 0:00:30]} 1-0

[Event "12e Open de Quenza"]
[Site "Quenza"]
[Date "2023.07.23"]
[Round "6.1"]
[White "Van Wely, Loek"]
[Black "Fressinet, Laurent"]
[Result "1/2-1/2"]
[BlackElo "2652"]
[WhiteElo "2644"]
[LiveChessVersion "1.4.6"]

1. c4 {[%clk 0:05:03]} e6 {[%clk 0:05:03]} 2. Nf3 {[%clk 0:05:03]} d5
{[%clk 0:05:03]} 3. g3 {[%clk 0:05:03]} d4 {[%clk 0:05:03]} 4. Bg2
{[%clk 0:05:03]} Nc6 {[%clk 0:05:03]} 5. O-O {[%clk 0:05:03]} Nh6
{[%clk 0:05:03]} 6. e3 {[%clk 0:04:25]} Nf5 {[%clk 0:05:03]} 7. e4
{[%clk 0:04:23]} Nfe7 {[%clk 0:05:03]} 8. d3 {[%clk 0:04:23]} Ng6
{[%clk 0:04:58]} 9. h4 {[%clk 0:04:23]} h5 {[%clk 0:04:52]} 10. Nbd2
{[%clk 0:04:03]} e5 {[%clk 0:04:50]} 11. Nh2 {[%clk 0:03:54]} Be7
{[%clk 0:04:01]} 12. Ndf3 {[%clk 0:03:53]} f6 {[%clk 0:03:48]} 13. Ne1
{[%clk 0:03:46]} Nf8 {[%clk 0:03:48]} 14. a3 {[%clk 0:03:24]} a5 {[%clk 0:03:48]}
15. b3 {[%clk 0:03:24]} Be6 {[%clk 0:03:45]} 16. Rb1 {[%clk 0:03:20]} Nd7
{[%clk 0:03:42]} 17. Nc2 {[%clk 0:03:14]} Nc5 {[%clk 0:03:39]} 18. Qe2
{[%clk 0:02:52]} Qd7 {[%clk 0:03:30]} 19. Bd2 {[%clk 0:02:46]} Bh3
{[%clk 0:03:15]} 20. b4 {[%clk 0:02:39]} Na4 {[%clk 0:03:02]} 21. Qe1
{[%clk 0:02:07]} Bxg2 {[%clk 0:02:36]} 22. Kxg2 {[%clk 0:02:07]} axb4
{[%clk 0:02:36]} 23. axb4 {[%clk 0:02:03]} b5 {[%clk 0:02:35]} 24. Ra1
{[%clk 0:01:47]} bxc4 {[%clk 0:02:14]} 25. dxc4 {[%clk 0:01:47]} O-O
{[%clk 0:02:13]} 26. b5 {[%clk 0:01:23]} Nd8 {[%clk 0:02:13]} 27. Nb4
{[%clk 0:01:23]} Nb6 {[%clk 0:01:34]} 28. Rxa8 {[%clk 0:01:20]} Nxa8
{[%clk 0:01:34]} 29. Nd5 {[%clk 0:01:19]} Bc5 {[%clk 0:01:26]} 30. Qe2
{[%clk 0:01:18]} Qf7 {[%clk 0:01:25]} 31. Nf3 {[%clk 0:01:02]} Nb6
{[%clk 0:01:25]} 32. Ne1 {[%clk 0:01:02]} Nxd5 {[%clk 0:01:23]} 33. cxd5
{[%clk 0:01:02]} Nb7 {[%clk 0:01:19]} 34. Nd3 {[%clk 0:01:02]} Bd6
{[%clk 0:01:19]} 35. Ra1 {[%clk 0:00:56]} Nc5 {[%clk 0:01:13]} 36. Nxc5
{[%clk 0:00:51]} Bxc5 {[%clk 0:01:13]} 37. Qc4 {[%clk 0:00:51]} Bd6
{[%clk 0:01:13]} 38. f3 {[%clk 0:00:47]} f5 {[%clk 0:01:13]} 39. Qd3
{[%clk 0:00:45]} Qg6 {[%clk 0:00:56]} 40. exf5 {[%clk 0:00:37]} Rxf5
{[%clk 0:00:56]} 41. Qe4 {[%clk 0:00:37]} Rf6 {[%clk 0:00:53]} 42. Ra8+
{[%clk 0:00:27]} Kh7 {[%clk 0:00:52]} 43. Bg5 {[%clk 0:00:22]} Qxe4
{[%clk 0:00:41]} 44. fxe4 {[%clk 0:00:22]} Rf8 {[%clk 0:00:40]} 45. Rxf8
{[%clk 0:00:22]} Bxf8 {[%clk 0:00:40]} 46. Kf3 {[%clk 0:00:22]} Bd6
{[%clk 0:00:37]} 47. Ke2 {[%clk 0:00:22]} Kg6 {[%clk 0:00:37]} 48. Kd3
{[%clk 0:00:22]} Kf7 {[%clk 0:00:37]} 49. Kc4 {[%clk 0:00:22]} Ke8
{[%clk 0:00:37]} 50. Bd2 {[%clk 0:00:22]} Kd7 {[%clk 0:00:37]} 51. Ba5
{[%clk 0:00:21]} g6 {[%clk 0:00:37]} 52. Bd2 {[%clk 0:00:19]} Be7
{[%clk 0:00:35]} 53. Bc1 {[%clk 0:00:19]} Bd6 {[%clk 0:00:35]} 54. Bd2
{[%clk 0:00:19]} Be7 {[%clk 0:00:35]} 55. Bc1 {[%clk 0:00:19]} Bd6
{[%clk 0:00:35]} 56. Bd2 Be7 {[%clk 0:00:35]} 1/2-1/2

[Event "12e Open de Quenza"]
[Site "Quenza"]
[Date "2023.07.23"]
[Round "6.2"]
[White "Bellahcene, Bilel"]
[Black "Travadon, Loic"]
[Result "1-0"]
[BlackElo "2463"]
[WhiteElo "2520"]
[LiveChessVersion "1.4.6"]

1. e4 e5 {[%clk 0:05:03]} 2. Nc3 {[%clk 0:05:02]} Nf6 {[%clk 0:05:02]} 3. d4
{[%clk 0:05:02]} Nc6 {[%clk 0:04:59]} 4. d5 {[%clk 0:05:00]} Ne7 {[%clk 0:04:59]}
5. h4 {[%clk 0:04:49]} h5 {[%clk 0:04:59]} 6. Bg5 {[%clk 0:04:43]} Ng6
{[%clk 0:04:59]} 7. Be2 {[%clk 0:04:41]} Be7 8. Bxf6 {[%clk 0:04:36]} Bxf6
{[%clk 0:04:56]} 9. g3 {[%clk 0:04:36]} c6 {[%clk 0:04:52]} 10. Bxh5
{[%clk 0:04:32]} Qb6 {[%clk 0:04:52]} 11. Bxg6 {[%clk 0:04:27]} fxg6
{[%clk 0:04:52]} 12. Qd3 {[%clk 0:03:54]} O-O {[%clk 0:04:41]} 13. Nf3
{[%clk 0:03:35]} Qxb2 {[%clk 0:04:39]} 14. Rb1 {[%clk 0:03:31]} Qa3
{[%clk 0:04:39]} 15. d6 {[%clk 0:03:31]} b6 {[%clk 0:04:36]} 16. Qc4+
{[%clk 0:03:17]} Kh8 {[%clk 0:04:35]} 17. Rd1 {[%clk 0:02:33]} Ba6
{[%clk 0:04:35]} 18. Qb3 {[%clk 0:02:33]} Qc5 {[%clk 0:04:27]} 19. Na4
{[%clk 0:02:10]} Qa5+ {[%clk 0:04:25]} 20. c3 {[%clk 0:02:00]} Rae8
{[%clk 0:04:22]} 21. Ng5 {[%clk 0:01:58]} Qb5 {[%clk 0:04:17]} 22. Rd2
{[%clk 0:01:49]} Qc4 {[%clk 0:03:35]} 23. Nb2 {[%clk 0:01:49]} Qxb3
{[%clk 0:03:30]} 24. axb3 {[%clk 0:01:49]} Bxg5 {[%clk 0:03:29]} 25. hxg5+
{[%clk 0:01:49]} Kg8 {[%clk 0:03:29]} 26. c4 {[%clk 0:01:47]} c5 {[%clk 0:03:25]}
27. Ke2 {[%clk 0:01:47]} Bb7 {[%clk 0:03:25]} 28. Rd3 {[%clk 0:01:47]} Re6
{[%clk 0:03:24]} 29. Nd1 {[%clk 0:01:38]} a6 {[%clk 0:03:24]} 30. Nc3
{[%clk 0:01:38]} Rc8 {[%clk 0:03:24]} 31. Ke3 {[%clk 0:01:35]} Bc6
{[%clk 0:03:13]} 32. Rh4 {[%clk 0:01:33]} Ra8 {[%clk 0:03:10]} 33. Kd2
{[%clk 0:01:17]} Kf7 {[%clk 0:03:10]} 34. f4 {[%clk 0:01:17]} b5 {[%clk 0:03:10]}
35. Nd5 {[%clk 0:01:17]} Bxd5 {[%clk 0:03:10]} 36. Rxd5 {[%clk 0:01:17]} exf4
{[%clk 0:03:10]} 37. Rxf4+ {[%clk 0:01:11]} Kg8 {[%clk 0:02:56]} 38. Kd3
{[%clk 0:01:05]} Rc8 {[%clk 0:02:52]} 39. e5 {[%clk 0:01:05]} Ree8
{[%clk 0:02:48]} 40. Rf2 {[%clk 0:01:04]} Rc6 {[%clk 0:02:48]} 41. Ke4
{[%clk 0:01:03]} Rb8 {[%clk 0:02:47]} 42. Ra2 {[%clk 0:01:00]} Rcb6
{[%clk 0:02:29]} 43. Rd3 {[%clk 0:01:00]} bxc4 {[%clk 0:02:29]} 44. Kd5
{[%clk 0:01:00]} 1-0

[Event "12e Open de Quenza"]
[Site "Quenza"]
[Date "2023.07.23"]
[Round "6.3"]
[White "Tregubov, Pavel V."]
[Black "Stoenescu, Radu"]
[Result "1-0"]
[BlackElo "1997"]
[WhiteElo "2567"]
[LiveChessVersion "1.4.6"]

1. e4 {[%clk 0:05:03]} c5 {[%clk 0:05:03]} 2. Nf3 {[%clk 0:05:03]} d6
{[%clk 0:05:03]} 3. Bb5+ {[%clk 0:05:03]} Nd7 {[%clk 0:05:03]} 4. Ba4
{[%clk 0:05:03]} e5 {[%clk 0:04:36]} 5. O-O {[%clk 0:05:02]} Ngf6
{[%clk 0:04:36]} 6. Re1 {[%clk 0:05:02]} Be7 {[%clk 0:04:36]} 7. c3
{[%clk 0:05:02]} a6 {[%clk 0:04:36]} 8. d4 {[%clk 0:05:02]} b5 {[%clk 0:04:36]}
9. Bc2 {[%clk 0:05:00]} O-O {[%clk 0:04:28]} 10. Nbd2 {[%clk 0:04:53]} Bb7
{[%clk 0:04:28]} 11. Nf1 {[%clk 0:04:53]} Re8 {[%clk 0:04:26]} 12. Ng3
{[%clk 0:04:48]} g6 {[%clk 0:04:22]} 13. h3 {[%clk 0:04:40]} Qc7 {[%clk 0:04:21]}
14. Be3 {[%clk 0:04:29]} Rac8 {[%clk 0:04:19]} 15. Rc1 {[%clk 0:04:27]} Bf8
{[%clk 0:04:18]} 16. d5 {[%clk 0:04:16]} c4 {[%clk 0:04:18]} 17. Nh2
{[%clk 0:04:11]} Nc5 {[%clk 0:04:17]} 18. b3 {[%clk 0:04:08]} cxb3
{[%clk 0:04:03]} 19. axb3 {[%clk 0:04:08]} Bg7 {[%clk 0:04:00]} 20. Ng4
{[%clk 0:03:54]} Nxg4 {[%clk 0:03:21]} 21. hxg4 {[%clk 0:03:54]} Nd7
{[%clk 0:03:18]} 22. Bd3 {[%clk 0:03:40]} Rf8 {[%clk 0:03:17]} 23. f3
{[%clk 0:03:37]} Ra8 {[%clk 0:03:14]} 24. Kf2 {[%clk 0:03:34]} f6
{[%clk 0:03:14]} 25. Rh1 {[%clk 0:03:34]} Rf7 {[%clk 0:03:14]} 26. Qd2
{[%clk 0:03:15]} Bf8 {[%clk 0:03:03]} 27. c4 {[%clk 0:03:11]} bxc4
{[%clk 0:02:52]} 28. Rxc4 {[%clk 0:03:11]} Qd8 {[%clk 0:02:47]} 29. b4
{[%clk 0:03:11]} Rc8 {[%clk 0:02:42]} 30. Rhc1 {[%clk 0:03:11]} Rxc4
{[%clk 0:02:42]} 31. Bxc4 {[%clk 0:03:11]} Nb6 {[%clk 0:02:28]} 32. Bd3
{[%clk 0:03:11]} Na8 {[%clk 0:01:02]} 33. Qe2 {[%clk 0:02:45]} a5
{[%clk 0:00:58]} 34. b5 {[%clk 0:02:35]} Rc7 {[%clk 0:00:52]} 35. Qb2
{[%clk 0:02:19]} Rxc1 {[%clk 0:00:52]} 36. Qxc1 {[%clk 0:02:19]} Be7
{[%clk 0:00:49]} 37. Ne2 {[%clk 0:02:12]} Qd7 {[%clk 0:00:45]} 38. Qa3
{[%clk 0:01:59]} Bd8 {[%clk 0:00:45]} 39. Nc3 {[%clk 0:01:58]} Bc7
{[%clk 0:00:45]} 40. Na4 {[%clk 0:01:58]} Qd8 {[%clk 0:00:45]} 41. Qc3
{[%clk 0:01:47]} Kf7 {[%clk 0:00:45]} 42. Nb2 {[%clk 0:01:31]} Bb6
{[%clk 0:00:37]} 43. Nc4 {[%clk 0:01:31]} Bxe3+ {[%clk 0:00:37]} 44. Kxe3
{[%clk 0:01:31]} a4 {[%clk 0:00:34]} 45. Qb4 {[%clk 0:01:31]} Nb6
{[%clk 0:00:34]} 46. Nxd6+ {[%clk 0:01:31]} 1-0

[Event "12e Open de Quenza"]
[Site "Quenza"]
[Date "2023.07.23"]
[Round "6.4"]
[White "Cristofari, Antoine"]
[Black "Kosteniuk, Alexandra"]
[Result "0-1"]
[BlackElo "2532"]
[WhiteElo "2017"]
[LiveChessVersion "1.4.6"]

1. e4 {[%clk 0:05:03]} c6 {[%clk 0:05:03]} 2. d4 {[%clk 0:05:00]} d5
{[%clk 0:05:03]} 3. exd5 {[%clk 0:05:00]} cxd5 {[%clk 0:05:03]} 4. Bd3
{[%clk 0:05:00]} Nc6 {[%clk 0:05:03]} 5. c3 {[%clk 0:05:00]} Nf6 {[%clk 0:05:03]}
6. Bf4 {[%clk 0:05:00]} g6 {[%clk 0:05:03]} 7. Nf3 {[%clk 0:04:44]} Bf5
{[%clk 0:05:03]} 8. Na3 {[%clk 0:04:27]} Bxd3 {[%clk 0:04:47]} 9. Qxd3
{[%clk 0:04:27]} Bg7 {[%clk 0:04:47]} 10. O-O {[%clk 0:04:20]} O-O
{[%clk 0:04:47]} 11. Rfe1 {[%clk 0:03:50]} a6 {[%clk 0:04:47]} 12. Nc2
{[%clk 0:03:44]} Re8 {[%clk 0:04:37]} 13. Ne5 {[%clk 0:03:01]} Rc8
{[%clk 0:04:33]} 14. Qe3 {[%clk 0:02:36]} Ne4 {[%clk 0:04:22]} 15. f3
{[%clk 0:02:18]} Nd6 {[%clk 0:04:15]} 16. h4 {[%clk 0:01:59]} Nxe5
{[%clk 0:04:01]} 17. Bxe5 {[%clk 0:01:54]} Nc4 {[%clk 0:04:01]} 18. Qc1
{[%clk 0:01:30]} f6 {[%clk 0:03:57]} 19. Bf4 {[%clk 0:01:21]} e5 {[%clk 0:03:57]}
20. dxe5 {[%clk 0:01:21]} fxe5 {[%clk 0:03:57]} 21. Bg5 {[%clk 0:01:18]} Qb6+
{[%clk 0:03:57]} 22. Kh1 {[%clk 0:00:40]} Qxb2 {[%clk 0:03:57]} 23. Qd1
{[%clk 0:00:39]} Qb5 {[%clk 0:03:55]} 24. Rb1 {[%clk 0:00:25]} Qd7
{[%clk 0:03:55]} 25. Nb4 {[%clk 0:00:19]} d4 {[%clk 0:03:55]} 26. Qd3
{[%clk 0:00:08]} Qf7 {[%clk 0:03:39]} 27. Nc2 {[%clk 0:00:05]} dxc3
{[%clk 0:03:34]} 28. Qxc3 {[%clk 0:00:04]} e4 {[%clk 0:03:34]} 29. Qb4
{[%clk 0:00:04]} exf3 {[%clk 0:03:33]} 30. Qxb7 {[%clk 0:05:03]} 0-1

[Event "12e Open de Quenza"]
[Site "Quenza"]
[Date "2023.07.23"]
[Round "6.5"]
[White "Maurizzi, Marc Andria"]
[Black "Utrera, Ludovic"]
[Result "1-0"]
[BlackElo "2069"]
[WhiteElo "2556"]
[LiveChessVersion "1.4.6"]

1. e4 {[%clk 0:05:03]} c5 {[%clk 0:05:03]} 2. Nf3 {[%clk 0:05:03]} d6
{[%clk 0:05:03]} 3. Bb5+ {[%clk 0:05:03]} Nd7 {[%clk 0:05:03]} 4. d4
{[%clk 0:05:03]} cxd4 {[%clk 0:05:03]} 5. Nxd4 {[%clk 0:05:03]} a6
{[%clk 0:05:03]} 6. Ba4 {[%clk 0:05:02]} Ngf6 {[%clk 0:04:56]} 7. O-O
{[%clk 0:05:02]} e6 {[%clk 0:04:56]} 8. c4 Be7 {[%clk 0:04:56]} 9. Nc3
{[%clk 0:05:02]} O-O {[%clk 0:04:56]} 10. Re1 {[%clk 0:05:02]} Nc5
{[%clk 0:04:49]} 11. Bc2 {[%clk 0:05:02]} e5 {[%clk 0:04:48]} 12. Nf5
{[%clk 0:05:01]} Be6 {[%clk 0:04:27]} 13. b3 {[%clk 0:05:01]} Bxf5
{[%clk 0:04:14]} 14. exf5 {[%clk 0:05:01]} b5 {[%clk 0:03:59]} 15. Be3
{[%clk 0:04:32]} bxc4 {[%clk 0:03:59]} 16. bxc4 {[%clk 0:04:32]} Rc8
{[%clk 0:03:49]} 17. Qf3 {[%clk 0:04:31]} Ncd7 {[%clk 0:03:34]} 18. Bd3
{[%clk 0:04:17]} Nb6 {[%clk 0:03:34]} 19. c5 {[%clk 0:04:16]} d5 {[%clk 0:02:52]}
20. cxb6 {[%clk 0:03:38]} Rxc3 {[%clk 0:02:52]} 21. Qd1 {[%clk 0:03:38]} d4
{[%clk 0:02:27]} 22. Bg5 {[%clk 0:03:05]} Qxb6 {[%clk 0:02:27]} 23. Rxe5
{[%clk 0:03:05]} Bd6 {[%clk 0:02:18]} 24. Bxf6 gxf6 {[%clk 0:02:18]} 25. Re1
{[%clk 0:02:51]} Kh8 {[%clk 0:02:08]} 26. g3 {[%clk 0:02:51]} a5 {[%clk 0:01:59]}
27. Rb1 {[%clk 0:02:51]} Qc5 {[%clk 0:01:59]} 28. Re4 {[%clk 0:02:24]} Be5
{[%clk 0:01:59]} 29. Bf1 {[%clk 0:02:22]} Rd8 {[%clk 0:01:56]} 30. Qh5
{[%clk 0:02:22]} Qf8 {[%clk 0:01:27]} 31. Rb7 {[%clk 0:02:11]} Rc7
{[%clk 0:01:27]} 32. Rxc7 {[%clk 0:02:09]} Bxc7 {[%clk 0:01:27]} 33. Bd3
{[%clk 0:02:09]} Bb6 {[%clk 0:01:24]} 34. Qh4 {[%clk 0:02:08]} Qd6
{[%clk 0:01:23]} 35. Qh6 {[%clk 0:01:58]} Rg8 {[%clk 0:01:22]} 36. Qc1
{[%clk 0:01:58]} Qd5 {[%clk 0:01:01]} 37. Re7 {[%clk 0:01:43]} Qf3
{[%clk 0:00:55]} 38. Be4 {[%clk 0:01:36]} Qh5 {[%clk 0:00:37]} 39. Qc6
{[%clk 0:01:27]} Qd1+ {[%clk 0:00:33]} 40. Kg2 {[%clk 0:01:27]} d3
{[%clk 0:00:29]} 41. Qxf6+ {[%clk 0:01:27]} 1-0

[Event "12e Open de Quenza"]
[Site "Quenza"]
[Date "2023.07.23"]
[Round "6.6"]
[White "Glek, Igor"]
[Black "Battesti, Marc-Andria"]
[Result "1-0"]
[BlackElo "2009"]
[WhiteElo "2410"]
[LiveChessVersion "1.4.6"]

1. e4 {[%clk 0:05:03]} c5 {[%clk 0:05:03]} 2. Nf3 {[%clk 0:05:03]} Nc6
{[%clk 0:05:03]} 3. Bb5 {[%clk 0:05:03]} g6 {[%clk 0:05:03]} 4. O-O
{[%clk 0:05:03]} Bg7 {[%clk 0:05:03]} 5. Re1 {[%clk 0:05:03]} Nf6
{[%clk 0:05:03]} 6. c3 {[%clk 0:04:59]} O-O {[%clk 0:05:02]} 7. d4
{[%clk 0:04:56]} d5 {[%clk 0:05:00]} 8. e5 {[%clk 0:04:56]} Ne4 {[%clk 0:05:00]}
9. Be3 {[%clk 0:04:56]} cxd4 {[%clk 0:04:42]} 10. cxd4 {[%clk 0:04:56]} Qb6
{[%clk 0:04:34]} 11. Bxc6 {[%clk 0:04:56]} Qxc6 {[%clk 0:04:14]} 12. Ng5
{[%clk 0:04:45]} Nxg5 {[%clk 0:04:09]} 13. Bxg5 {[%clk 0:04:45]} Re8
{[%clk 0:03:59]} 14. Qd2 {[%clk 0:04:45]} Bf5 {[%clk 0:03:44]} 15. Nc3
{[%clk 0:04:45]} f6 {[%clk 0:03:31]} 16. exf6 {[%clk 0:04:23]} exf6
{[%clk 0:03:29]} 17. Bh6 {[%clk 0:04:23]} Bh8 {[%clk 0:03:21]} 18. h4
{[%clk 0:04:23]} Qd7 {[%clk 0:03:14]} 19. f3 {[%clk 0:03:58]} Rac8
{[%clk 0:02:39]} 20. Rxe8+ {[%clk 0:03:57]} Rxe8 {[%clk 0:02:39]} 21. Re1
{[%clk 0:03:57]} Kf7 {[%clk 0:02:33]} 22. Rxe8 {[%clk 0:03:50]} Kxe8
{[%clk 0:02:26]} 23. Qf4 {[%clk 0:03:47]} Kf7 {[%clk 0:02:04]} 24. Qb8
{[%clk 0:03:39]} Bg7 {[%clk 0:01:56]} 25. Bxg7 {[%clk 0:03:39]} Kxg7 26. Qxa7 Qe7
{[%clk 0:01:17]} 27. Kf2 {[%clk 0:03:22]} Qb4 {[%clk 0:01:11]} 28. Kg3
{[%clk 0:02:17]} Qd6+ {[%clk 0:01:09]} 29. Kf2 {[%clk 0:01:53]} Qb4
{[%clk 0:01:09]} 30. Qc5 {[%clk 0:01:53]} Qxb2+ {[%clk 0:01:09]} 31. Kg3
{[%clk 0:01:53]} Qc1 {[%clk 0:01:03]} 32. Qe7+ {[%clk 0:01:16]} Kh6
{[%clk 0:00:56]} 33. Nxd5 {[%clk 0:01:15]} Qc8 {[%clk 0:00:11]} 34. Nxf6
{[%clk 0:00:57]} Qb8+ {[%clk 0:00:10]} 35. Kf2 {[%clk 0:00:54]} g5
{[%clk 0:00:07]} 36. hxg5+ {[%clk 0:00:52]} Kg6 {[%clk 0:00:06]} 37. Nd5 1-0

[Event "12e Open de Quenza"]
[Site "Quenza"]
[Date "2023.07.23"]
[Round "6.7"]
[White "Lauron, Wesley"]
[Black "Kuzmicz, Krystian"]
[Result "0-1"]
[BlackElo "2466"]
[WhiteElo "1832"]
[LiveChessVersion "1.4.6"]

1. d4 {[%clk 0:05:03]} g6 {[%clk 0:05:03]} 2. e4 {[%clk 0:05:03]} Bg7
{[%clk 0:05:03]} 3. Nc3 {[%clk 0:05:03]} c6 {[%clk 0:05:03]} 4. Bc4
{[%clk 0:04:46]} d5 {[%clk 0:05:03]} 5. exd5 {[%clk 0:04:33]} b5 {[%clk 0:05:03]}
6. Be2 {[%clk 0:04:22]} b4 {[%clk 0:05:03]} 7. Nb1 {[%clk 0:04:07]} cxd5
{[%clk 0:05:03]} 8. Nf3 {[%clk 0:04:07]} Nf6 {[%clk 0:05:02]} 9. Bf4
{[%clk 0:04:06]} O-O {[%clk 0:05:02]} 10. Nbd2 {[%clk 0:03:44]} Nc6
{[%clk 0:05:02]} 11. c3 {[%clk 0:03:33]} bxc3 {[%clk 0:04:46]} 12. bxc3
{[%clk 0:03:33]} Qa5 {[%clk 0:04:46]} 13. O-O {[%clk 0:03:26]} Bf5
{[%clk 0:04:35]} 14. c4 {[%clk 0:03:17]} Ne4 {[%clk 0:03:59]} 15. Nb3
{[%clk 0:02:53]} Qd8 {[%clk 0:03:58]} 16. Rc1 {[%clk 0:02:40]} Nb4
{[%clk 0:03:44]} 17. a3 {[%clk 0:02:19]} Na2 {[%clk 0:03:44]} 18. Ra1
{[%clk 0:02:19]} Nac3 {[%clk 0:03:44]} 19. Qe1 {[%clk 0:02:19]} Nxe2+
{[%clk 0:03:18]} 20. Qxe2 {[%clk 0:02:19]} dxc4 {[%clk 0:03:14]} 21. Qxc4
{[%clk 0:02:13]} Rc8 {[%clk 0:03:14]} 22. Qa4 {[%clk 0:02:04]} Qd5
{[%clk 0:03:07]} 23. Rac1 {[%clk 0:01:45]} Nc3 {[%clk 0:03:03]} 24. Rxc3
{[%clk 0:01:29]} Rxc3 {[%clk 0:03:03]} 25. Nc5 {[%clk 0:01:29]} Rxf3
{[%clk 0:03:03]} 26. gxf3 {[%clk 0:01:29]} Qxf3 {[%clk 0:03:03]} 27. Qb3
{[%clk 0:01:22]} Qxf4 {[%clk 0:03:03]} 28. a4 {[%clk 0:01:22]} Bxd4
{[%clk 0:02:54]} 0-1

[Event "12e Open de Quenza"]
[Site "Quenza"]
[Date "2023.07.23"]
[Round "6.8"]
[White "Skripchenko, Almira"]
[Black "Ratier-Fontana, Loic"]
[Result "1-0"]
[BlackElo "1821"]
[WhiteElo "2380"]
[LiveChessVersion "1.4.6"]

1. e4 {[%clk 0:05:03]} d6 {[%clk 0:05:03]} 2. d4 {[%clk 0:05:03]} Nf6
{[%clk 0:05:03]} 3. Nc3 {[%clk 0:05:03]} g6 {[%clk 0:05:03]} 4. Be3
{[%clk 0:05:01]} Bg7 {[%clk 0:05:03]} 5. Qd2 {[%clk 0:05:01]} c6 {[%clk 0:04:54]}
6. Bh6 {[%clk 0:04:51]} Bxh6 {[%clk 0:04:29]} 7. Qxh6 {[%clk 0:04:51]} Qa5
{[%clk 0:04:17]} 8. O-O-O {[%clk 0:04:41]} Be6 {[%clk 0:03:54]} 9. Nf3
{[%clk 0:04:19]} Qh5 {[%clk 0:03:33]} 10. Qd2 {[%clk 0:04:14]} a6
{[%clk 0:03:03]} 11. h3 {[%clk 0:04:09]} Nbd7 {[%clk 0:03:03]} 12. Kb1
{[%clk 0:03:46]} Qa5 {[%clk 0:02:58]} 13. a3 {[%clk 0:03:46]} b5 {[%clk 0:02:58]}
14. e5 {[%clk 0:03:27]} Nd5 {[%clk 0:02:20]} 15. Nxd5 {[%clk 0:03:27]} Qxd2
{[%clk 0:02:20]} 16. Nc7+ {[%clk 0:03:27]} Kd8 {[%clk 0:02:11]} 17. Nxe6+
{[%clk 0:03:27]} fxe6 {[%clk 0:02:11]} 18. Rxd2 {[%clk 0:03:27]} h6
{[%clk 0:02:07]} 19. Bd3 {[%clk 0:03:23]} Rg8 {[%clk 0:02:07]} 20. exd6
{[%clk 0:03:23]} exd6 {[%clk 0:02:07]} 21. Re1 {[%clk 0:03:23]} Ke7
{[%clk 0:02:00]} 22. Rde2 {[%clk 0:03:23]} Nf8 {[%clk 0:01:59]} 23. c4
{[%clk 0:03:21]} bxc4 {[%clk 0:01:57]} 24. Bxc4 {[%clk 0:03:21]} d5
{[%clk 0:01:57]} 25. Bd3 {[%clk 0:03:21]} Kd6 {[%clk 0:01:56]} 26. Ne5
{[%clk 0:03:21]} Rb8 {[%clk 0:01:52]} 27. Rc2 {[%clk 0:03:21]} Rb6
{[%clk 0:01:52]} 28. Rec1 {[%clk 0:03:21]} 1-0